Physical aging in amorphous polymers and other materials /
Guardado en:
| Autor Principal: | |
|---|---|
| Formato: | Libro |
| Idioma: | English |
| Publicado: |
Amsterdam : New York :
Elsevier Scientific Pub. Co. ; distributors for the U.S. and Canada, Elsevier North-Holland,
1978.
|
| Materias: | |
| Etiquetas: |
Agregar Etiqueta
Sin Etiquetas, Sea el primero en etiquetar este registro!
|
| LEADER | 00846cam a22002295a 4500 | ||
|---|---|---|---|
| 001 | EIQ.libpla000966 | ||
| 008 | 771019s1978####ne#a#####b####001#0#eng#d | ||
| 005 | 20060629155459.0 | ||
| 245 | 1 | 0 | |a Physical aging in amorphous polymers and other materials / |c L. C. E. Struik. |
| 260 | |a Amsterdam : |b Elsevier Scientific Pub. Co. ; |a New York : |b distributors for the U.S. and Canada, Elsevier North-Holland, |c 1978. | ||
| 300 | |a xiv, 229 p. : |b il. ; |c 25 cm. | ||
| 504 | |a Incluye referencias bibliográficas e índices. | ||
| 020 | |a 0444416552 | ||
| 100 | 1 | |a Struik, L. C. E., |d 1941- | |
| 082 | 0 | 0 | |a 547/.84 |
| 650 | 4 | |a Polímeros |x Física | |
| 650 | 4 | |a Polímeros |x Envejecimiento. | |
| 650 | 4 | |a Polymers |x Physics. | |
| 650 | 4 | |a Polymers |x Aging. | |
| 010 | |a 77015955 | ||
| 040 | |a DLC |c DLC |d AR-BbSID | ||
| 859 | |a AR-BbSID |b BIB. PLAPIQUI |h 547.84 |i Str 81 |p 651 | ||
